Kronika 60 rokov FEM SPU v Nitre akí sme a kam smerujeme...

Bibliographic Details
Main Author: Horská, Elena, 1969- (Author)
Format: Book
Language:Slovak
Published: Nitra Slovenská poľnohospodárska univerzita 2019
Edition:Vydanie prvé
Subjects:

MARC

LEADER 00000cam a2200000 4500
001 vtls011906208
003 SK-MaSNL
005 20260301185544.0
008 210701s2019 xo oc gr 000 0 slo
015 |a SNBA2021/01 
020 |a 9788055220550  |q (brožované) 
035 |a urn:nbn:sk:snk-am00fedk 
035 |a urn:nbn:sk:snk-am3iqsy 
035 |a 8951DF1D-61A0-4D46-9596-E5FBCD28854F 
040 |a SNK  |b slo  |c SNK  |e rda 
041 0 |a slo 
043 |a e-xo--- 
044 |a xo  |c SK 
072 7 |a 378  |x Vysoké školy  |2 konspekt 
080 |a 378.4  |2 2011 
080 |a (437.6)  |2 2011 
080 |a (093.3)  |2 2011 
080 |a (082.2)  |2 2011 
100 1 |a Horská, Elena,  |d 1969-  |4 aut  |9 185668 
245 1 0 |a Kronika 60 rokov FEM SPU v Nitre  |b akí sme a kam smerujeme...  |c Elena Horská a kolektív 
246 3 0 |a 60 rokov FEM SPU v Nitre 
246 3 |a Šesťdesiat rokov FEM SPU v Nitre 
250 |a Vydanie prvé 
264 1 |a Nitra  |b Slovenská poľnohospodárska univerzita  |c 2019 
300 |a 176 strán  |b fotografie, portréty 
336 |a text  |b txt  |2 rdacontent 
337 |a bez média  |b n  |2 rdamedia 
338 |a zväzok  |b nc  |2 rdacarrier 
366 |e 60 kusov 
610 2 7 |a Slovenská poľnohospodárska univerzita v Nitre.  |b Fakulta ekonomiky a manažmentu  |2 SNKMA  |9 177398 
648 7 |a 1959-2019  |2 SNKPH  |9 359641 
650 0 7 |a univerzity  |2 SNKPH  |9 22152 
650 0 7 |a Universities  |2 SNKPHeng  |9 265407 
651 7 |a Nitra (Slovensko)  |2 SNKPHgeo  |9 15714 
651 7 |a Nitra (Slovakia)  |2 SNKPHeng  |9 265425 
655 7 |a kroniky  |2 SNKPH  |9 70488 
655 7 |a jubilejné publikácie  |2 SNKPH  |9 70339 
655 7 |a Chronicles  |2 SNKPHeng  |9 324710 
655 7 |a Jubilee books  |2 SNKPHeng  |9 281827 
919 |a 978-80-552-2055-0 
958 |a OND 
999 |c 864421  |d 866351 
952 |a SNK  |b SNK  |y PREZ  |7 0  |p 17A1394242  |o snkSC 187060  |i snk2019/31654  |8 0  |0 0  |1 0  |4 0  |d 2019-12-10  |f 1  |l 0  |r 2026-02-24 05:22:48  |w 2026-02-24 
952 |a SNK  |b SNK  |y VYP  |7 0  |p 17A1394243  |o snkSC 187060 D1  |i snk2019/31655  |8 0  |0 0  |1 0  |4 0  |d 2019-12-10  |l 0  |r 2026-02-24 05:22:48  |w 2026-02-24